MAASAI MARA UNIVERSITY

LIBRARY CATALOGUE

Contact Us: +254 020 2685356/7 or 0774 057787

Box: 861-20500, NAROK, KENYA

Email: info@mmarau.ac.ke

McBride,James. (Record no. 5237)

MARC details
000 -LEADER
fixed length control field 00400nam a2200133Ia 4500
008 - FIXED-LENGTH DATA ELEMENTS--GENERAL INFORMATION
fixed length control field 151015s9999 xx 000 0 und d
020 ## - INTERNATIONAL STANDARD BOOK NUMBER
International Standard Book Number 1573220221
050 ## - LIBRARY OF CONGRESS CALL NUMBER
Classification number F130 .N4M38 1996
245 ## - TITLE STATEMENT
Title McBride,James.
250 ## - EDITION STATEMENT
Edition statement _The colour of water A black man's tribute to his white mother James McBride
300 ## - PHYSICAL DESCRIPTION
Extent New York Riverhead 1996
650 ## - SUBJECT ADDED ENTRY--TOPICAL TERM
Topical term or geographic name as entry element _Novel
700 ## - ADDED ENTRY--PERSONAL NAME
Personal name ^d20130613 11:01:15^oanne

No items available.

© 2016 Maasai Mara University.